Top 25 Most Followed Instagram Accounts (2023) - Statistics

General Stats
  • This quiz has been taken 2,419 times
    1,891 since last reset
  • The average score is 13 of 25
Answer Stats
Account Owner % Correct
Cristiano Ronaldo
98%
Lionel Messi
96%
Instagram
88%
Dwayne Johnson
78%
Justin Bieber
73%
Neymar
72%
Kim Kardashian
70%
Taylor Swift
68%
Kylie Jenner
65%
Nike
58%
Selena Gomez
58%
Ariana Grande
56%
Kendall Jenner
56%
Khloe Kardashian
52%
Kourtney Kardashian
49%
Beyonce
47%
Kevin Hart
30%
Katy Perry
29%
Nicki Minaj
28%
Jennifer Lopez
18%
Miley Cyrus
18%
Virat Kohli
18%
Cardi B
16%
Zendaya
15%
National Geographic
9%
No matching quizzes found
Score Distribution
Percent of People with Each Score
Percentile by Number Answered
Your Score History
You have not taken this quiz since the last reset